Métodos Activos para el Aprendizaje / (Record no. 22724)

000 -CABECERA
fixed length control field 01255nam a22002897i 4500
003 - IDENTIFICADOR DEL NÚMERO DE CONTROL
control field AR-CdUCM
008 - DATOS DE LONGITUD FIJA--INFORMACIÓN GENERAL
fixed length control field 231018b20142014pe ad||| |||| 00| 0 spa d
040 ## - FUENTE DE LA CATALOGACIÓN
Agencia/entidad que catalogó originalmente la obra MUNICIPALIDAD PROVINCIAL DEL CUSCO
Entidad que transcribió la catalogación BIBLIOTECA MUNICIPAL DEL CUSCO
082 ## - NÚMERO DE LA CLASIFICACIÓN DECIMAL DEWEY
No. de Clasificación 372.6 / V669
Notacion interna V669
100 ## - ENTRADA PRINCIPAL--NOMBRE DE PERSONA
Nombre Personal Villavicencio Condori, Lisbeth
245 ## - MENCIÓN DE TÍTULO
Título Métodos Activos para el Aprendizaje /
260 ## - PUBLICACIÓN, DISTRIBUCIÓN, ETC.
Lugar de publicación, distribución, etc. Combapata-Cusco :
Fecha de publicación, distribución, etc. 2014.
300 ## - DESCRIPCIÓN FÍSICA
Nº de Páginas Extensión 72 páginas. :
Dimensiones 20 cm.
500 ## - NOTA GENERAL
Bibliografía Bibliografía: páginas 73-74
505 ## - NOTA DE CONTENIDO CON FORMATO
Nota de contenido formateada El conocimiento no se descubre se construye -- Aprendizaje de la lectoescritura -- El método activo -- La lectura y escritura -- Estrategias metodológicas activas -- Propuestas de autoaprendizaje -- Predisposición para el aprendizaje de la lectura y escritura
650 ## - PUNTO DE ACCESO ADICIONAL DE MATERIA--TÉRMINO DE MATERIA
Descriptor El conocimiento no se descubre se construye,
9 (RLIN) 49242
650 ## - PUNTO DE ACCESO ADICIONAL DE MATERIA--TÉRMINO DE MATERIA
Descriptor Aprendizaje de la lectoescritura,
9 (RLIN) 49243
650 ## - PUNTO DE ACCESO ADICIONAL DE MATERIA--TÉRMINO DE MATERIA
Descriptor Predisposición para el aprendizaje de la lectura y escritura,
9 (RLIN) 49164
650 ## - PUNTO DE ACCESO ADICIONAL DE MATERIA--TÉRMINO DE MATERIA
Descriptor Autoaprendizaje,
9 (RLIN) 49165
650 ## - PUNTO DE ACCESO ADICIONAL DE MATERIA--TÉRMINO DE MATERIA
Descriptor Metodológicas activas,
9 (RLIN) 49166
650 ## - PUNTO DE ACCESO ADICIONAL DE MATERIA--TÉRMINO DE MATERIA
Descriptor Escritura,
9 (RLIN) 4757
650 ## - PUNTO DE ACCESO ADICIONAL DE MATERIA--TÉRMINO DE MATERIA
Descriptor El método activo,
9 (RLIN) 49167
650 ## - PUNTO DE ACCESO ADICIONAL DE MATERIA--TÉRMINO DE MATERIA
Descriptor Lectura,
9 (RLIN) 2069
942 ## - ELEMENTOS DE PUNTO DE ACCESO ADICIONAL (KOHA)
Fuente de clasificación
Tipo de item Libros-BMC
945 ## - PROCESAMIENTO DE INFORMACIÓN LOCAL (OCLC)
Catalogador pebm
AAAA-MM-DD - Fecha de ingreso o modificacion 2023-10-18
Holdings
Estado de retiro (separado) Fuente de clasificación o esquema de estanterías Estado dañado Ubicación Sala donde se ubica Nombre de la colección Fecha de adquisición o compra Fuente de adquisición Costo, precio normal en soles Signatura topográfica Código de Barras Última vez visto (Koha) Tipo de ítem (Koha)
No     Sala Humanidades Sala Humanidades Book Cart 2023-10-18 Donación 10.00 372.6 / V669 SH0000016554 2023-10-18 Libros-BMC

Powered by Koha